01047 2200349 4500001002100000005001500021035002000036007000300056008004100059020002200100040002200122082001700144084001700161090001900178100002700197245012200224300003700346650001800383700003000401850001200431504002900443264003100472336002100503337003000524338002300554990002000577990002000597990002000617990002000637990002000657990002000677INLIS00000000085138420191002101400 a0010-1019000111ta191002s2017 jkia g 0 ind d a978-602-252-972-9 aYOPDYOGbinderda042[23]a551.21 a551.21 WAH b aK 551.21 WAH b0 aWahyu AnnishaePenulis01aBuku pintar mengenal bencana alam di Indonesia :bGunung meletus /cPenulis, Wahyu Annisha; Editor, Winny Rachmayanti a80 halaman :bilustrasi ;c28 cm 4aGunung berapi0 aWinny RachmayantieEditor aYOPDYOG aBibliografi : halaman 79 1aJakarta :bErlangga,c2017 2rdacontentateks 2rdamediaatanpa perantara 2rdacarrieravolume a38455-PD/B.2019 a38456-PD/B.2019 a38456-PD/B.2019 a38455-PD/B.2019 a38455-PD/B.2019 a38456-PD/B.2019